000 00531nmm a2200181Ia 4500
008 251105s9999||||xx |||||||||||||||||und||
020 _a9789561414402
041 _aspa
100 _aCrovari Eulufi, Fernando
245 0 _aManual de patología quirúrgica
264 _a[Santiago de Chile, Chile] :
_bEdiciones UC,
_c2014
300 _a633 páginas
650 _aMedicine
700 _aCrovari Eulufi, Fernando
700 1 _a Manzor Véliz, Manuel
856 _uhttps://public.digitaliapublishing.com/a/38260
942 _cCF
999 _c64350
_d64350